| 000 | 00496cam a22001571 4500 | ||
|---|---|---|---|
| 082 |
_a692.2 _bKET _cL-20, P-23 |
||
| 100 | 1 |
_aKetchum, Milo Smith, _942830 |
|
| 245 | 0 | 0 | _aHandbook of standard structural details for buildings. |
| 260 |
_aEnglewood Cliffs, N.J., _bPrentice-Hall, _c1956. |
||
| 300 |
_a120 p. _billus. _c26 cm. |
||
| 526 |
_a0 _b0 _c0 _d692_200000000000000_KET |
||
| 650 | 0 |
_aBuilding _xDetails. _931939 |
|
| 650 | 0 |
_aBuilding _xDrawings. _945244 |
|
| 650 | 0 |
_aMCE _9379 |
|
| 942 |
_2ddc _cBK |
||
| 999 |
_c548815 _d548815 |
||